00620nam a2200205Ia 450000500170000000800410001702000140005804000190007204100120009108200150010310000160011824500790013426000410021330000130025450400500026763000430031765000230036065100210038385000100040420221027123615.0131103s9999 xx 000 0 und d a835605329 aLoreto College aEnglish a158.1bWIL aWilber, Ken 4aThe Atman projectb a transpersonal view of human development cKen Wilber aMadrasbTheosophical Pub Housec1980 axi,204p  aIncludes bibliographical references and index aPersonality - analysis and improvement aApplied Psychology aSelf-improvement aLCLIB